Sports Quiz

Random Sports or NBA Quiz

Slam Dunk Champs Quiz Stats

 Plays Quiz Updated Feb 17, 2021

     
Support Sporcle.
Go Orange.
Score 0/36 Timer 07:00
0 Plays Today
Year Winner % Correct
1987Michael Jordan
93.4%
1988Michael Jordan
93.4%
2008Dwight Howard
89.1%
2006Nate Robinson
85.4%
2009Nate Robinson
85.4%
2000Vince Carter
83.9%
2016Zach LaVine
82%
2015Zach LaVine
80.6%
1997Kobe Bryant
79.5%
2017Glenn Robinson III
76.5%
1985Dominique Wilkins
75.8%
1990Dominique Wilkins
75.8%
2018Donovan Mitchell
74.1%
2020Derrick Jones Jr.
73.2%
2014John Wall
72.1%
1986Spud Webb
65.7%
2005Josh Smith
62.9%
2002Jason Richardson
62.3%
Year Winner % Correct
2003Jason Richardson
62.3%
2007Gerald Green
55.2%
2021Anfernee Simons
52.2%
2019Hamidou Diallo
51.6%
2013Terrence Ross
49.7%
2010Nate Robinson
48.6%
2011Blake Griffin
35.8%
1996Brent Barry
33.7%
2004Fred Jones
33.3%
1991Dee Brown
32.9%
2012Jeremy Evans
30.6%
1994Isaiah Rider
28.9%
1984Larry Nance
26.3%
1993Harold Miner
24.4%
1995Harold Miner
24.4%
2001Desmond Mason
23.5%
1992Cedric Ceballos
23.3%
1989Kenny Walker
21.5%

From the Vault

Movies by Scenery

by Larryholmes79

Movies 8m
These images are like Hollywood's version of postcards.
Remove Ads.
Support Sporcle.
Get the best of Sporcle when you Go Orange. This ad-free experience offers more features, more stats, and more fun while also helping to support Sporcle. Thank you for becoming a member.

Show Comments

Extras

Top Quizzes Today


Score Distribution

Your Account Isn't Verified!

In order to create a playlist on Sporcle, you need to verify the email address you used during registration. Go to your Sporcle Settings to finish the process.

Report this User

Report this user for behavior that violates our Community Guidelines.

Details: